How do you burp in space? : (Record no. 2536)

MARC details
000 -LEADER
fixed length control field 01092cam a2200289 a 4500
005 - DATE AND TIME OF LATEST TRANSACTION
control field 20240105154946.0
020 ## - INTERNATIONAL STANDARD BOOK NUMBER
International Standard Book Number 9780545639101
040 ## - CATALOGING SOURCE
Original cataloging agency DLC
Transcribing agency DLC
Modifying agency DLC
Language of cataloging eng
050 00 - LIBRARY OF CONGRESS CALL NUMBER
Classification number TL793.G645
082 00 - DEWEY DECIMAL CLASSIFICATION NUMBER
Classification number 629.45
100 1# - MAIN ENTRY--PERSONAL NAME
Personal name Goodman, Susan E
Dates associated with a name 1952-
245 10 - TITLE STATEMENT
Title How do you burp in space? :
Remainder of title and other tips every space tourist needs to know /
Statement of responsibility, etc. Susan Goodman ; illustrated by Michael Slack
250 ## - EDITION STATEMENT
Edition statement First Scholastic printing, September 2013
260 ## - PUBLICATION, DISTRIBUTION, ETC.
Place of publication, distribution, etc. New York ;
Name of publisher, distributor, etc. Scholastic,
Date of publication, distribution, etc. 2013
300 ## - PHYSICAL DESCRIPTION
Extent 71 pages :
Other physical details color illustrations ;
Dimensions 24 cm
505 ## - FORMATTED CONTENTS NOTE
Formatted contents note V <br/>
520 ## - SUMMARY, ETC.
Summary, etc. "A non-fiction travel guide to space tourism that includes information about accommodations, attractions, and more." --
521 ## - TARGET AUDIENCE NOTE
Target audience note 830 <br/>
Source Lexile <br/>
521 ## - TARGET AUDIENCE NOTE
Target audience note V <br/>
Source Raz-Plus <br/>
650 #0 - SUBJECT ADDED ENTRY--TOPICAL TERM
Topical term or geographic name entry element Manned space flight
Form subdivision Juvenile literature.
650 #0 - SUBJECT ADDED ENTRY--TOPICAL TERM
Topical term or geographic name entry element Interplanetary voyages
Form subdivision Juvenile literature.
650 #0 - SUBJECT ADDED ENTRY--TOPICAL TERM
Topical term or geographic name entry element Space tourism
Form subdivision Juvenile literature.
700 1# - ADDED ENTRY--PERSONAL NAME
Personal name Slack, Michael H
Dates associated with a name 1969-
Relator term illustrator
906 ## - LOCAL DATA ELEMENT F, LDF (RLIN)
a 7
b cbc
c orignew
d 1
e ecip
f 20
g y-gencatlg
942 ## - ADDED ENTRY ELEMENTS (KOHA)
Source of classification or shelving scheme Dewey Decimal Classification
Koha item type Books
Suppress in OPAC No
999 ## -
-- 2536
-- 2536
Holdings
Withdrawn status Lost status Source of classification or shelving scheme Damaged status Not for loan Collection Home library Current library Shelving location Date acquired Total Checkouts Full call number Barcode Date last seen Price effective from Koha item type
    Dewey Decimal Classification     Non-Fiction Footprints International School Library Network Toul Kork Campus Footprints International School Library Network Toul Kork Campus TTP Secondary Non-Fiction Bookshelves 12/14/2023   GOO 629.45 TL793.G645 FISTK05626 12/14/2023 12/14/2023 Books